=LDR 00000nam 2200000 4500 =001 INLIS000000000041687 =005 20201203101043 =035 ##$$a 0010-061300000041687 =008 201203################g##########0#ind## =041 ##$$a 6aInd =082 ##$$a 321 =090 ##$$a 321, Oto 0 2 =245 ##$$a Otoritas dan Demokratis /$c April Carter =260 ##$$a Jakarta :$b Rajawali Pers,$c 1985 =300 ##$$a 180 hlm, 20 cm ; $c 21 x 14 cm =850 ##$$a NBPNMAT =084 ##$$a 321 OTO =250 ##$$a cet. 1 =650 #4$$a Demokrasi =990 ##$$a 607/pro-85